Protože tě miluji foxtrot /

Hlavní autor: Grossman, Saša, 1907-1976
Další autoři: Odstrčil, Ladislav, 1920-
Jazyk: Nelze použít, není lingvistický obsah
Vydáno: Praha : Panton, 1959
Vydání: 1. vyd.
Edice: K tanci a poslechu
Fyzický popis: 20 hlasů
Hudebniny Hudebniny
Uloženo v:
LEADER 00866ncm a22002532a 4500
001 001229085
003 CZ BrMZK
005 20120709092055.0
007 qu
008 120709s1959 xr |||||||||||||||||zxx d
040 |a BOA001  |b cze 
072 7 |a 786  |x Hudba pro klávesové nástroje  |2 Konspekt  |9 9 
100 1 |a Grossman, Saša,  |d 1907-1976  |7 ola364055  |4 cmp 
245 1 0 |a Protože tě miluji  |h [hudebnina] :  |b foxtrot /  |c Saša Grossman. Za dalekým obzorem : tango / Ladislav Odstrčil 
250 |a 1. vyd. 
260 |a Praha :  |b Panton,  |c 1959 
300 |a 20 hlasů 
490 1 |a K tanci a poslechu ;  |v 4 
700 1 |a Odstrčil, Ladislav,  |d 1920-  |7 ola200204629  |4 cmp 
830 0 |a K tanci a poslechu 
910 |a BOA001  |b Mus4-0425.918 
990 |a MU 
991 |b 201207 
996 6 |b 2619054393  |c Mus4-0425.918  |l MZK  |r Sklad / do 1 hodiny  |n 0  |w 001262776  |u 000010  |a 1  |e BOA001  |j MZK50  |s P